| 000 | 00478nam a2200181Ia 4500 | ||
|---|---|---|---|
| 001 | 8476 | ||
| 005 | 20260306160612.0 | ||
| 008 | 260306t2012||||xx |||||||||||||| ||spa|| | ||
| 041 | _aESP | ||
| 082 |
_a371.1 _bG24 |
||
| 100 |
_aGarcía Ramos, José Manuel _eAUT |
||
| 245 | 0 |
_aFundamentos pedagógicos de la evaluación: _bguía práctica para educadores |
|
| 260 | _c2012 | ||
| 300 |
_a264 páginas : _c23 cm. |
||
| 650 | _aGEN | ||
| 654 | _aCED | ||
| 942 |
_cLIB _dJUS _fJUS _2ddc _n |
||
| 999 |
_c8476 _d8476 |
||